| 000 | 00978nam a22002657a 4500 | ||
|---|---|---|---|
| 999 |
_c3808 _d3808 |
||
| 003 | AR-CdUCM | ||
| 008 | 190307b ||||| |||| 00| 0 spa d | ||
| 040 |
_aMUNICIPALIDAD PROVINCIAL DEL CUSCO _cBIBLIOTECA MUNICIPAL DEL CUSCO |
||
| 082 |
_a320.1 / _bUM46 |
||
| 100 |
_aUmeres Alvarez, Humberto. _912276 |
||
| 245 | _aMaquiavelo y el Poder / | ||
| 260 |
_aLima : _bAcademia Diplomática del Perú, _c2012. |
||
| 300 |
_axxi, 91 paginas ; _c21cm. |
||
| 440 |
_aCuadernos de Politica Exterior _nFasciculo 3 _912277 |
||
| 500 | _aCuadernos de Politica Exterior Academia Diplomatica del Perú | ||
| 505 | _aContenido: La concepción antropologica de maquiavelo -- Constelación del poder -- El realista politico y los recursos del poder | ||
| 650 |
_aPoder _94273 |
||
| 650 |
_aRecursos _939 |
||
| 650 |
_aSiglo XX _98 |
||
| 650 |
_aLiteratura _9416 |
||
| 650 |
_aLatinoamerica _94398 |
||
| 700 |
_aPerez de Cuellar, Javíer _912278 |
||
| 942 |
_2ddc _cLIBROS |
||
| 945 | _apjha | ||